Real-Life Places in R.E.M. Songs - Statistics

General Stats
  • This quiz has been taken 6 times
  • The average score is 5 of 18
Answer Stats
Hint Explanation Answer % Correct
If you believed they put a man on the ____ Man on the Moon / Earth's Moon Moon
83%
Don't go back to _________ (Don't Go Back To) Rockville / Rockville, Maryland, USA Rockville
83%
____ ____ is present, Taipei awakes Daysleeper / Hong Kong, China Hong Kong
67%
If I ever want to fly, __________ _____, I'm alive Electrolite / Mulholland Drive, Los Angeles, USA Mulholland Drive
67%
Leaving ___ ____, never easy Leaving New York / New York, USA New York
50%
____ ____ ____, come in spring over the salt flats Departure / Salt Lake City, Utah, USA Salt Lake City
50%
________, ________, gone Cuyahoga / Cuyahoga River, Ohio, USA Cuyahoga
17%
_________ sings like that song that I loved Houston / Galveston, Texas, USA Galveston
17%
Another __________, another Magic Mart Little America / Greenville (South Carolina, USA?) Greenville
17%
Taroudant and _______ before I learned to see Disappear / Olomouc, Czech Republic Olomouc
17%
Humming, all the way to ____ All the Way to Reno (You're gonna be a star) / Reno, Nevada, USA Reno
17%
Lost, invisible here, Tel Aviv and ______ Disappear / Agadir, Morocco Agadir
0%
We walk the streets to feel the ground, I'm chasing Ü______ ÜBerlin / Berlin, Germany Berlin
0%
And flattens out to warmer winds of ________'s sunny shore Parakeet / Brisbane, Australia Brisbane
0%
_______ is filled with promise Houston / Houston, Texas, USA Houston
0%
______'s a beautiful place Houston / Laredo, Texas, USA Laredo
0%
To Berlin, Kyoto or __________ High Speed Train / Marseilles, France Marseilles
0%
Just arrived _________, San Sebastian, Spain Departure / Singapore Singapore
0%
No matching quizzes found
Score Distribution
Percent of People with Each Score
Percentile by Number Answered
Your Score History
You have not taken this quiz